| 000 | 01077cam a2200253 i 4500 | ||
|---|---|---|---|
| 999 |
_c57909 _d57909 |
||
| 001 | 18448269 | ||
| 005 | 20221110145545.0 | ||
| 008 | 150114s2015 enka b 001 0 eng d | ||
| 010 | _a 2015930867 | ||
| 020 | _a9780198719595x | ||
| 041 | _aeng | ||
| 080 | _a32 G-60 | ||
| 100 | 1 |
_aGoldthau, Andreas, _910392 |
|
| 245 | 1 | 2 |
_aA liberal actor in a realist world : _bthe European Union regulatory state and the global political economy of energy / _cAndreas Goldthau and Nick Sitter. |
| 250 | _aFirst edition. | ||
| 264 | 1 |
_aOxford : _bOxford University Press, _c2015. |
|
| 300 |
_aviii, 168 pages : _billustrations ; _c24 cm. |
||
| 653 | _aევროკავშირი | ||
| 700 | 1 |
_aSitter, Nick _eავტორი _910393 |
|
| 856 | 4 | 2 |
_3Contributor biographical information _uhttp://www.loc.gov/catdir/enhancements/fy1604/2015930867-b.html |
| 856 | 4 | 2 |
_3Publisher description _uhttp://www.loc.gov/catdir/enhancements/fy1604/2015930867-d.html |
| 856 | 4 | 1 |
_3Table of contents only _uhttp://www.loc.gov/catdir/enhancements/fy1604/2015930867-t.html |
| 942 |
_2udc _cBK |
||